| 000 | 00755nam a2200265Ia 4500 | ||
|---|---|---|---|
| 008 | 170711s9999 xx 000 0 und d | ||
| 020 | _a9781414334080 | ||
| 050 | _a280.4 | ||
| 050 | _bW279 2009 | ||
| 100 | _aWarner, Kurt | ||
| 245 | _aFirst things first : | ||
| 245 | _bthe rules of being a Warner… what works, what doesn't, and what really matters most / | ||
| 245 | _cby Kurt Warner and Branda Warner, with Jennifer Schuchmann. | ||
| 260 | _aUSA : | ||
| 260 | _bTyndale, | ||
| 260 | _c2009 | ||
| 300 | _axviii, 284 pages : | ||
| 300 | _bsome colored illustrations ; | ||
| 300 | _c22cm. | ||
| 650 | _aFamily -- | ||
| 650 | _xReligious life. | ||
| 700 | _aSchuchmann, Jennifer. | ||
| 700 | _aTitle. | ||
| 700 | _aWarner, Brenda. | ||
| 999 |
_c339776 _d339776 |
||